Richest Countries Bordering Each Other With Exceptions - Statistics

General Stats
  • This quiz has been taken 75 times
  • The average score is 25 of 29
Answer Stats
Countries % Correct
Canada
100%
Mexico
100%
United States
98%
China
95%
Argentina
92%
Brazil
92%
Chile
92%
Peru
92%
Malaysia
90%
Uruguay
90%
Indonesia
89%
Colombia
87%
Guyana
85%
Suriname
85%
Thailand
85%
Venezuela
85%
Brunei
84%
Egypt
84%
Israel
82%
Jordan
82%
Lebanon
82%
Panama
82%
Costa Rica
81%
Kazakhstan
77%
Turkey
77%
Armenia
74%
Azerbaijan
74%
Turkmenistan
74%
Georgia
71%
No matching quizzes found
Score Distribution
Percent of People with Each Score
Percentile by Number Answered
Your Score History
You have not taken this quiz